Развитие токарных форм в мебели и архитектурном декоре (Запись № 8619484)

Подробности
000 -МАРКЕР
контрольное поле 01159nam0a22002531i 4500
001 - ИДЕНТИФИКАТОР ЗАПИСИ
контрольное поле rc\4168933
005 - ИДЕНТИФИКАТОР ВЕРСИИ
контрольное поле 20240724155654.0
021 ## - НОМЕР ГОСУДАРСТВЕННОЙ РЕГИСТРАЦИИ
Код страны Российская Федерация
Номер [54-36143]
035 ## - ДРУГИЕ СИСТЕМНЫЕ НОМЕРА
Идентификатор записи (NLR Aleph) 007997639
100 ## - ДАННЫЕ ОБЩЕЙ ОБРАБОТКИ
Данные общей обработки 20130415d1954 |||y0rusy50 ca
101 0# - ЯЗЫК РЕСУРСА
Язык текста, звукозаписи и т.д. русский
102 ## - СТРАНА ПУБЛИКАЦИИ ИЛИ ПРОИЗВОДСТВА
Страна публикации Российская Федерация
105 ## - ПОЛЕ КОДИРОВАННЫХ ДАННЫХ: ТЕКСТОВЫЕ МАТЕРИАЛЫ, МОНОГРАФИЧЕСКИЕ
Кодированные данные о монографическом текстовом документе y d |||||
200 1# - ЗАГЛАВИЕ И СВЕДЕНИЯ ОБ ОТВЕТСТВЕННОСТИ
Основное заглавие Развитие токарных форм в мебели и архитектурном декоре
Сведения, относящиеся к заглавию (Худож. формы, техника, технология)
-- Автореферат дис. на соискание учен. степени кандидата искусствовед. наук
Первые сведения об ответственности Моск. высш. худож.-пром. училище (б. Строгановское). Кафедра худож. обработки дерева
210 ## - ПУБЛИКАЦИЯ, РАСПРОСТРАНЕНИЕ И ДР.
Место издания, распространения и т.д. Москва
Дата издания, распространения и т.д. 1954
215 ## - ФИЗИЧЕСКАЯ ХАРАКТЕРИСТИКА
Специфическое обозначение материала и объем 16 с.
Размеры 22
300 ## - ОБЩИЕ ПРИМЕЧАНИЯ
Текст примечания Перед загл. авт.: худож. Б.В. Нешумов
333 ## - ПРИМЕЧАНИЯ ОБ ОСОБЕННОСТЯХ РАСПРОСТРАНЕНИЯ И ИСПОЛЬЗОВАНИЯ
Текст примечания На правах рукописи
700 #1 - ИМЯ ЛИЦА - ПЕРВИЧНАЯ ОТВЕТСТВЕННОСТЬ
Начальный элемент ввода Нешумов
Часть имени, кроме начального элемента ввода Б.В.
Расширение инициалов личного имени Борис Васильевич
801 #0 - ИСТОЧНИК ЗАПИСИ
Страна Российская Федерация
Организация NLR
Правила каталогизации psbo
801 #1 - ИСТОЧНИК ЗАПИСИ
Страна Российская Федерация
Организация ELAR
Источник данных rusmarc
852 ## - МЕСТОНАХОЖДЕНИЕ И ШИФР ХРАНЕНИЯ
Идентификатор организации NLR
Шифр хранения (Call Number) Ис50 Г-6/11
942 ## - ДОПОЛНИТЕЛЬНЫЕ ЭЛЕМЕНТЫ ЗАПИСИ (АБИС)
Тип экземпляра АБИС Книга

Нет доступных экземпляров.